Enlargement & Integration in the European Union / (Record no. 13290)
[ view plain ]
| 000 -LEADER | |
|---|---|
| fixed length control field | 01510cam a2200337 a 4500 |
| 001 - CONTROL NUMBER | |
| control field | 3527053 |
| 005 - DATE AND TIME OF LATEST TRANSACTION | |
| control field | 20060807180409.0 |
| 008 - FIXED-LENGTH DATA ELEMENTS--GENERAL INFORMATION | |
| fixed length control field | 961015s1997 enka |rb 001 0 eng |
| 010 ## - LIBRARY OF CONGRESS CONTROL NUMBER | |
| LC control number | 96047506 |
| 020 ## - INTERNATIONAL STANDARD BOOK NUMBER | |
| International Standard Book Number | 0415120012 (hc) |
| 020 ## - INTERNATIONAL STANDARD BOOK NUMBER | |
| International Standard Book Number | 0415120020 (pbk.) |
| 040 ## - CATALOGING SOURCE | |
| Original cataloging agency | DLC |
| Transcribing agency | DLC |
| Modifying agency | DLC |
| 043 ## - GEOGRAPHIC AREA CODE | |
| Geographic area code | e------ |
| -- | ee----- |
| -- | ec----- |
| 050 00 - LIBRARY OF CONGRESS CALL NUMBER | |
| Classification number | HC241.2 |
| Item number | .P6639 1997 |
| 082 00 - DEWEY DECIMAL CLASSIFICATION NUMBER | |
| Classification number | 337.142 |
| Edition number | 22 |
| Item number | PRE |
| 100 1# - MAIN ENTRY--PERSONAL NAME | |
| Personal name | Preston, Christopher. |
| 9 (RLIN) | 10995 |
| 245 10 - TITLE STATEMENT | |
| Title | Enlargement & Integration in the European Union / |
| Statement of responsibility, etc | Christopher Preston. |
| 246 3# - VARYING FORM OF TITLE | |
| Title proper/short title | Enlargement and integration in the European Union |
| 260 ## - PUBLICATION, DISTRIBUTION, ETC. (IMPRINT) | |
| Place of publication, distribution, etc | London : |
| Name of publisher, distributor, etc | Routledge, 1997 |
| Date of publication, distribution, etc | 1997. |
| 300 ## - PHYSICAL DESCRIPTION | |
| Extent | x, 259 p. : |
| Other physical details | ill. ; |
| Dimensions | 23 cm. |
| 440 #4 - | |
| -- | The Routledge/University Association for Contemporary European Studies series |
| -- | 10996 |
| 504 ## - BIBLIOGRAPHY, ETC. NOTE | |
| Bibliography, etc | Includes bibliographical references (p. 240-251) and index. |
| 651 #0 - SUBJECT ADDED ENTRY--GEOGRAPHIC NAME | |
| Geographic name | European Union countries. |
| 9 (RLIN) | 10997 |
| 651 #0 - SUBJECT ADDED ENTRY--GEOGRAPHIC NAME | |
| Geographic name | Europe |
| General subdivision | Economic integration. |
| 9 (RLIN) | 10998 |
| 651 #0 - SUBJECT ADDED ENTRY--GEOGRAPHIC NAME | |
| Geographic name | Europe, Eastern |
| General subdivision | Economic integration. |
| 9 (RLIN) | 10999 |
| 651 #0 - SUBJECT ADDED ENTRY--GEOGRAPHIC NAME | |
| Geographic name | Europe, Central |
| General subdivision | Economic integration. |
| 9 (RLIN) | 11000 |
| 856 42 - ELECTRONIC LOCATION AND ACCESS | |
| Materials specified | Publisher description |
| Uniform Resource Identifier | <a href="http://www.loc.gov/catdir/enhancements/fy0649/96047506-d.html">http://www.loc.gov/catdir/enhancements/fy0649/96047506-d.html</a> |
| 942 ## - ADDED ENTRY ELEMENTS (KOHA) | |
| Source of classification or shelving scheme | Dewey Decimal Classification |
| Item type | Book - Borrowing |
| Withdrawn status | Item status | Source of classification or shelving scheme | Damaged status | Not for loan | Vendor | Home library | Current library | Shelving location | Date acquired | Source of acquisition | Cost, normal purchase price | Serial Enumeration / chronology | Total Checkouts | Full call number | Barcode | Date last seen | Koha item type |
|---|---|---|---|---|---|---|---|---|---|---|---|---|---|---|---|---|---|
| Dewey Decimal Classification | Central Library | Central Library | First floor | 07/02/2010 | 110.00 | 1324 | 337.142 PRE | 000019671 | 15/07/2025 | Book - Borrowing |